Statistics for Who Sang That 80's Song

Click here to take the quiz!

General Stats

  • This quiz has been taken 1,387 times
  • The average score is 12 of 15

Answer Stats

Hint Answer % Correct
Man in the MirrorMichael Jackson
98%
Like a VirginMadonna
97%
Livin' on a PrayerBon Jovi
97%
Another One Bites the DustQueen
93%
Every Breath You TakeThe Police
92%
Beat ItMichael Jackson
92%
Hungry Like the WolfDuran Duran
86%
Walk Like an EgyptianThe Bangles
84%
Total Eclipse of the HeartBonnie Tyler
82%
White WeddingBilly Idol
82%
Love ShackB-52's
81%
Jessie's GirlRick Springfield
66%
(Don't You) Forget About MeSimple Minds
63%
Caught Up in You.38 Special
24%

Score Distribution

Percentile by Number Answered

Percent of People with Each Score

Your Score History

You have not taken this quiz